| 000 | 00399pab a2200145 454500 | ||
|---|---|---|---|
| 008 | 180718b2004 xxu||||| |||| 00| 0 eng d | ||
| 100 | _aCaldarone, Richard P. | ||
| 245 | _aPrecedent in operation: a comparison of the judicial House of Lords and the US Supreme Court | ||
| 260 | _c2004 | ||
| 300 | _ap.759-87. | ||
| 362 | _aWinter | ||
| 650 | _aJudiciary | ||
| 773 | _aPublic Law | ||
| 909 | _a63388 | ||
| 999 |
_c63388 _d63388 |
||